| 000 | 00496cam a22001937a 4500 | ||
|---|---|---|---|
| 001 | 000627 | ||
| 003 | armpunfd | ||
| 005 | 20140612090615.0 | ||
| 008 | 011019s1997#xx#a##########000#0##nd#d | ||
| 040 |
_aarmpunfd _carmpunfd |
||
| 080 | _a342.4(82) SA18 | ||
| 100 | 1 | 0 | _a Sagues, Nestor Pedro |
| 245 | 1 | 0 | _aElementos de derecho constitucional |
| 260 | b | _c1997. | |
| 650 | 7 |
_a Derecho Constitucional _2LEMB |
|
| 942 |
_cLB _2cdu |
||
| 945 |
_aCatalis _d2010-08-19 |
||
| 945 |
_aCatalis _d2010-08-19 |
||
| 999 |
_c619 _d231123 |
||